00541nam a22001697a 450000500170000001000150001702000260003203500140005803700090007208200120008110000200009324500780011325000070019126000420019827001100024030000210035020250801111907.0 aENG-146300 a9788198436917c799.00 aEN-129832 bDBAD a338.954 aAgrawal, shobha aGrowth of indian economy through indian knowledge system/cshobha agrawal a01 achhattisgarhbaditi publicationc2025 aopp. new panchjanya vidya mandir, near tiranga chowk kushalpur, raipur, chhattisgarh, indiabchhattisgarh a438p.c20cm(pbk)